000 00520cam a2200205 4500
001 3598320
005 20180222032732.0
008 710305s1971 nyuab d 000 0 eng
010 _a 69018250
040 _aDLC
_cDLC
_dDLC
041 _aeng
080 _a635.03
082 0 0 _a635.03 WYR
100 1 _a23
101 _aENC
245 1 0 _aWyman's gardening encyclopedia
_c[edited] by Donald Wyman.
740 _aGardening encyclopedia.
906 _a7
_bcbc
_corignew
_d2
_eocip
_f19
_gy-gencatlg
942 _2ddc
_cBK
999 _c43098
_d43098